00365nam a2200181Ia 4500003000900000008004100009040001300050040001300063041000800076100001600084245001800100250000900118260002100127260000900148300000800157490001200165490000600177IT-RoPAU120407s9999 xx 000 0 und d aIT-RoPAU cIT-RoPAU aita aLudwig Berg aEtica sociale aRoma aEdizioni Paoline c1961 c cm aCat. II v1